Des savoirs invisibles à reconnaître ? (notice n° 1634628)
[ vue normale ]
| 000 -LEADER | |
|---|---|
| fixed length control field | 01031cam a2200229 4500500 |
| 005 - DATE AND TIME OF LATEST TRANSACTION | |
| control field | 20260111132233.0 |
| 041 ## - LANGUAGE CODE | |
| Language code of text/sound track or separate title | fre |
| 042 ## - AUTHENTICATION CODE | |
| Authentication code | dc |
| 100 10 - MAIN ENTRY--PERSONAL NAME | |
| Personal name | Batut, Patrick |
| Relator term | author |
| 245 00 - TITLE STATEMENT | |
| Title | Des savoirs invisibles à reconnaître ? |
| 260 ## - PUBLICATION, DISTRIBUTION, ETC. | |
| Date of publication, distribution, etc. | 2025.<br/> |
| 500 ## - GENERAL NOTE | |
| General note | 36 |
| 520 ## - SUMMARY, ETC. | |
| Summary, etc. | La bonne attitude au moment opportun. Patrick Batut va puiser aux sources antiques de la mètis et du kairos de possibles origines de la co-soignance. Mettant face à face la profession et les métiers, il se demande si ces savoirs invisibles qui se déploient dans les interstices de la relation, dans l’instant, ne devraient pas rester cachés. |
| 690 ## - LOCAL SUBJECT ADDED ENTRY--TOPICAL TERM (OCLC, RLIN) | |
| Topical term or geographic name as entry element | co-soignance |
| 690 ## - LOCAL SUBJECT ADDED ENTRY--TOPICAL TERM (OCLC, RLIN) | |
| Topical term or geographic name as entry element | kairos |
| 690 ## - LOCAL SUBJECT ADDED ENTRY--TOPICAL TERM (OCLC, RLIN) | |
| Topical term or geographic name as entry element | mètis |
| 690 ## - LOCAL SUBJECT ADDED ENTRY--TOPICAL TERM (OCLC, RLIN) | |
| Topical term or geographic name as entry element | savoirs<br/>exclus |
| 690 ## - LOCAL SUBJECT ADDED ENTRY--TOPICAL TERM (OCLC, RLIN) | |
| Topical term or geographic name as entry element | Savoirs invisibles |
| 690 ## - LOCAL SUBJECT ADDED ENTRY--TOPICAL TERM (OCLC, RLIN) | |
| Topical term or geographic name as entry element | savoirs non reconnus |
| 786 0# - DATA SOURCE ENTRY | |
| Note | VST - Vie sociale et traitements | 168 | 4 | 2025-12-05 | p. 50-53 | 0396-8669 |
| 856 41 - ELECTRONIC LOCATION AND ACCESS | |
| Uniform Resource Identifier | <a href="https://shs.cairn.info/revue-vst-vie-sociale-et-traitements-2025-4-page-50?lang=fr&redirect-ssocas=7080">https://shs.cairn.info/revue-vst-vie-sociale-et-traitements-2025-4-page-50?lang=fr&redirect-ssocas=7080</a> |
Pas d'exemplaire disponible.




Réseaux sociaux